[Event "Titled Tue 1st Jul Early"]
[Site "chess.com INT"]
[Date "2025.07.01"]
[Round "7"]
[White "Eswaran, Ashritha"]
[Black "Javakhadze, Zurab"]
[Result "1-0"]
[WhiteTitle "FM"]
[BlackTitle "IM"]
[WhiteElo "2236"]
[BlackElo "2418"]
[WhiteFideId "2080788"]
[BlackFideId "13603647"]
[EventDate "2025.07.01"]

1. e4 c5 2. Nf3 d6 3. Nc3 Nf6 4. e5 dxe5 5. Nxe5 Nbd7 6. d4 cxd4 7. Qxd4 Nxe5 8.
Qxe5 e6 9. Bf4 a6 10. Bd3 Be7 11. O-O-O Qb6 12. Be3 Qc6 13. Be2 Bd7 14. Bf3 Qc8
15. g4 O-O 16. g5 Ne8 17. Bb6 Bc6 18. Ne4 a5 19. Rhg1 Ra6 20. Nf6+ Kh8 21. Nxe8
Rxe8 22. Bd4 Rg8 23. Bh5 Be8 24. Rd3 Rd6 25. Bxf7 Bxf7 26. g6 Rd5 27. gxf7 Rxe5
28. Bxe5 Qc5 29. fxg8=Q+ Kxg8 30. Rxg7+ Kf8 31. f4 Qf2 32. Rd1 Qe3+ 33. Kb1 Qe2
34. Rgg1 Bc5 35. Rge1 Qxh2 36. Bc3 Qf2 37. Rf1 Qe2 38. f5 e5 39. f6 e4 40. f7 1-0

[Event "Titled Tue 1st Jul Early"]
[Site "chess.com INT"]
[Date "2025.07.01"]
[Round "7"]
[White "Murthy, Pappu"]
[Black "Miserendino, Alfredo"]
[Result "0-1"]
[WhiteElo "1836"]
[BlackElo "2032"]
[WhiteFideId "2013401"]
[BlackFideId "101800"]
[EventDate "2025.07.01"]

1. e4 c5 2. d4 cxd4 3. c3 dxc3 4. Nxc3 Nc6 5. Nf3 a6 6. Bc4 e6 7. O-O Qc7 8. Qe2
Bd6 9. Re1 Nge7 10. h4 O-O 11. Bg5 f6 12. Be3 b5 13. Bd3 Ne5 14. Nxe5 Bxe5 15.
Rac1 Qb8 16. h5 h6 17. a3 Bb7 18. Rf1 Bf4 19. g3 Bxe3 20. Qxe3 Bc6 21. Bb1 f5
22. exf5 Nxf5 23. Qd3 Qd6 24. Qc2 Qd4 25. Rcd1 Qg4 26. Rde1 Qxh5 27. Ne4 Qf3 28.
Re3 Bxe4 29. Rxe4 Rac8 30. Qd2 Rc7 31. Rf4 Qc6 32. Qd3 Qd6 33. Qe4 Qe7 34. g4
Qg5 0-1

[Event "Titled Tue 1st Jul Early"]
[Site "chess.com INT"]
[Date "2025.07.01"]
[Round "7"]
[White "Cuenca Jimenez, Jose Fernando"]
[Black "Klukin, Kirill"]
[Result "1-0"]
[WhiteTitle "GM"]
[BlackTitle "IM"]
[WhiteElo "2477"]
[BlackElo "2401"]
[WhiteFideId "2255570"]
[BlackFideId "24199273"]
[EventDate "2025.07.01"]

1. d4 Nf6 2. Bf4 e6 3. e3 b6 4. Nf3 Bb7 5. h3 g6 6. c4 Bg7 7. Nc3 O-O 8. Be2 d6
9. O-O Nbd7 10. Bh2 Qe7 11. Qc2 Rfe8 12. Rfd1 a6 13. Rac1 Rad8 14. e4 Bh6 15.
Rb1 c5 16. d5 exd5 17. exd5 Nh5 18. Bf1 Qf6 19. Ne4 Rxe4 20. Qxe4 Bc8 21. Re1
Bf8 22. g4 Ng7 23. Bg3 h6 24. Bh4 g5 25. Bg3 Bb7 26. Bd3 Qg6 27. Qxg6 fxg6 28.
Bxg6 b5 29. b3 Nb6 30. Bd3 Bc8 31. Nd2 Ne8 32. Ne4 Bg7 33. Rbd1 Bd4 34. Kg2 Bb7
35. f3 a5 36. h4 gxh4 37. Bxh4 Ra8 38. Bg3 Rd8 39. Rh1 Kg7 40. Bf4 a4 41. Bxh6+
Kg8 42. Ng5 Nf6 43. Ne6 Ra8 44. Nxd4 cxd4 45. Bf4 axb3 46. axb3 bxc4 47. bxc4
Nbd7 48. Bxd6 Ra2+ 49. Kg3 Ba6 50. g5 Ne8 51. Bf4 Nc5 52. Bg6 Ng7 53. Be5 d3 54.
Rh7 1-0

[Event "Titled Tue 1st Jul Early"]
[Site "chess.com INT"]
[Date "2025.07.01"]
[Round "7"]
[White "Garbuz, Vitaliy"]
[Black "Jinan, Jomon"]
[Result "0-1"]
[WhiteTitle "CM"]
[BlackTitle "FM"]
[WhiteElo "2243"]
[BlackElo "2309"]
[WhiteFideId "12990710"]
[BlackFideId "35002511"]
[EventDate "2025.07.01"]

1. e4 e5 2. Nf3 Nc6 3. Nc3 Nf6 4. d4 exd4 5. Nd5 Be7 6. Bc4 O-O 7. O-O Nxe4 8.
Re1 Nf6 9. Nxe7+ Nxe7 10. Bg5 Ng6 11. Qxd4 d6 12. h4 h6 13. h5 Ne5 14. Bxf6
Nxf3+ 15. gxf3 Qxf6 16. Qxf6 gxf6 17. Re7 c6 18. Rae1 d5 19. Bd3 Rb8 20. f4 b6
21. Rxa7 Bg4 22. Ree7 Bxh5 23. Bf5 Ra8 24. Kg2 Rxa7 25. Rxa7 Rb8 26. f3 c5 27.
Rd7 d4 28. Be4 Kg7 29. f5 Re8 30. Rb7 c4 31. Rxb6 Rd8 32. Rb4 d3 33. cxd3 cxd3 0-1

[Event "Titled Tue 1st Jul Early"]
[Site "chess.com INT"]
[Date "2025.07.01"]
[Round "7"]
[White "Sava, Robert-Gabriel"]
[Black "Pham, Le Thao Nguyen"]
[Result "1-0"]
[WhiteTitle "CM"]
[BlackTitle "IM"]
[WhiteElo "2121"]
[BlackElo "2357"]
[WhiteFideId "1265725"]
[BlackFideId "12401226"]
[EventDate "2025.07.01"]

1. e4 c5 2. Nc3 a6 3. a4 Nc6 4. g3 g6 5. Bg2 Bg7 6. d3 e6 7. f4 d6 8. Nf3 Nge7
9. O-O O-O 10. Be3 Nd4 11. Qd2 Rb8 12. Rab1 Nec6 13. Ne2 b5 14. axb5 axb5 15.
Nexd4 cxd4 16. Bf2 e5 17. g4 Bxg4 18. Bh4 Qd7 19. fxe5 dxe5 20. Qf2 f6 21. Nd2
Nd8 22. Bf3 Bxf3 23. Nxf3 Ne6 24. Bg3 Bh6 25. Kh1 Be3 26. Qe2 Qg7 27. c3 Rbd8
28. Ra1 Rd7 29. Ra6 Nc5 30. Rc6 Qe7 31. cxd4 Bxd4 32. Nxd4 Rxd4 33. Bf2 Qd7 34.
Rxc5 Rxd3 35. Rfc1 Rd2 36. Qf3 Rd3 37. Be3 Rf7 38. Bh6 Re7 39. Rc8+ 1-0

[Event "Titled Tue 1st Jul Early"]
[Site "chess.com INT"]
[Date "2025.07.01"]
[Round "7"]
[White "Emeliantsev, Anatoliy"]
[Black "Li, Yilin"]
[Result "1-0"]
[WhiteTitle "FM"]
[BlackTitle "WFM"]
[WhiteElo "2359"]
[BlackElo "1922"]
[WhiteFideId "4160681"]
[BlackFideId "8610410"]
[EventDate "2025.07.01"]

1. d4 d5 2. c4 c6 3. Nf3 Nf6 4. Nc3 e6 5. Qd3 dxc4 6. Qxc4 b5 7. Qd3 b4 8. Ne4
Ba6 9. Nxf6+ Qxf6 10. Qc2 Bd6 11. e4 Bxf1 12. e5 Qg6 13. Qxg6 hxg6 14. Kxf1 Be7
15. Be3 a5 16. Ke2 Nd7 17. Rhc1 Rc8 18. Rc2 Nb6 19. Rac1 Kd7 20. Bg5 f6 21. Be3
Nd5 22. h3 a4 23. Nd2 Rc7 24. Ne4 Rb8 25. Nc5+ Bxc5 26. Rxc5 b3 27. a3 Rb5 28.
R5c4 Nb6 29. R4c3 fxe5 30. dxe5 Rxe5 31. f4 Rb5 32. Bxb6 Rxb6 33. Rc4 Ra7 34.
Rd1+ Ke7 35. Rcd4 Rb5 36. g4 Rd5 37. Ke3 Rad7 38. Rxd5 Rxd5 39. Rc1 Kd6 40. Rc4
Ra5 41. h4 Kd5 42. Rd4+ Kc5 43. Re4 Kd5 44. Re5+ Kd6 45. Rxa5 1-0

[Event "Titled Tue 1st Jul Early"]
[Site "chess.com INT"]
[Date "2025.07.01"]
[Round "7"]
[White "Ketzetzis, Georgios"]
[Black "Berg, Vadim Daskevich"]
[Result "1-0"]
[WhiteTitle "FM"]
[BlackTitle "IM"]
[WhiteElo "2292"]
[BlackElo "2445"]
[WhiteFideId "4215206"]
[BlackFideId "11601965"]
[EventDate "2025.07.01"]

1. e4 c5 2. Nf3 d6 3. d4 cxd4 4. Nxd4 Nf6 5. f3 e5 6. Bb5+ Bd7 7. Bxd7+ Qxd7 8.
Nf5 d5 9. Bg5 dxe4 10. Bxf6 gxf6 11. Qxd7+ Nxd7 12. fxe4 Rc8 13. Nc3 Bb4 14. O-O
Bxc3 15. Nd6+ Ke7 16. Nxc8+ Rxc8 17. bxc3 Rxc3 18. Rac1 Nc5 19. Rf3 Nxe4 20. Re1
Rxf3 21. gxf3 Ng5 22. Kf2 Ne6 23. c3 Nc5 24. Ke3 f5 25. Rg1 Ke6 26. Rg7 f4+ 27.
Ke2 e4 28. Rxh7 e3 29. h4 Na4 30. Kd3 e2 31. Kxe2 Nxc3+ 32. Kd2 Nxa2 33. Rh6+
Ke5 34. Rh5+ f5 35. Rh7 Nb4 36. h5 Nc6 37. h6 Nd4 38. Rg7 Kf6 39. Rg8 Nxf3+ 40.
Kd1 Ne5 41. h7 Nf7 42. Rf8 Kg7 43. Rxf7+ Kh8 44. Rxb7 f3 45. Ke1 f4 46. Kf2 a5
47. Kxf3 a4 48. Kxf4 a3 49. Ra7 a2 50. Rxa2 Kg7 51. Kg5 Kh8 52. Kf6 Kxh7 53.
Rh2+ Kg8 54. Rh1 Kf8 55. Rh8# 1-0

[Event "Titled Tue 1st Jul Early"]
[Site "chess.com INT"]
[Date "2025.07.01"]
[Round "7"]
[White "Shogdzhiev, Roman"]
[Black "Materia, Marco"]
[Result "1/2-1/2"]
[WhiteTitle "FM"]
[BlackTitle "IM"]
[WhiteElo "2411"]
[BlackElo "2493"]
[WhiteFideId "55653537"]
[BlackFideId "45150451"]
[EventDate "2025.07.01"]

1. d3 g6 2. Nd2 Bg7 3. g3 Nf6 4. Bg2 O-O 5. Ngf3 d5 6. O-O c5 7. e4 Nc6 8. Re1
e5 9. c3 Re8 10. Qc2 h6 11. h3 Be6 12. a3 Qd7 13. Kh2 Rad8 14. b4 cxb4 15. axb4
a6 16. Nb3 dxe4 17. dxe4 Qd3 18. Qxd3 Rxd3 19. Nc5 Rxc3 20. Bd2 Rc2 21. Nxb7 Nd4
22. Be3 Nb3 23. Rxa6 Nxe4 24. Nd6 Nxd6 25. Rxd6 e4 26. Ng1 Bc4 27. Red1 Bd3 28.
R1xd3 exd3 29. Rxd3 Nc1 30. Rd7 Bf8 31. Bd5 Rxe3 32. Rxf7 Rec3 33. Rf6+ Kg7 34.
Rf7+ Kg8 35. Rf6+ Kh7 36. Rxf8 h5 37. h4 Rd2 38. Be6 Nd3 39. Nh3 Ne5 40. Ng5+
Kg7 41. Rg8+ Kf6 42. Ne4+ Kxe6 43. Nxd2 Rc2 44. Ne4 Kd5 45. Nf6+ Ke6 46. Ne4 Kf5
47. Nd6+ Ke6 48. Ne4 1/2-1/2

[Event "Titled Tue 1st Jul Early"]
[Site "chess.com INT"]
[Date "2025.07.01"]
[Round "7"]
[White "Shakirov, Marat"]
[Black "Skarbarchuk, Tetyana"]
[Result "1-0"]
[WhiteTitle "FM"]
[WhiteElo "2167"]
[BlackElo "2096"]
[WhiteFideId "44118171"]
[BlackFideId "14184494"]
[EventDate "2025.07.01"]

1. d4 Nf6 2. c4 e6 3. Nf3 Bb4+ 4. Bd2 a5 5. g3 b6 6. Bg2 d5 7. O-O O-O 8. Bf4
Bb7 9. Qc2 Nbd7 10. a3 Bd6 11. Bxd6 cxd6 12. cxd5 Bxd5 13. Nc3 Rc8 14. Rfc1 Be4
15. Qb3 Bb7 16. Nb5 Qe7 17. Rxc8 Rxc8 18. h3 e5 19. Rd1 Bd5 20. Qe3 Bc4 21. Nc3
b5 22. Nd2 b4 23. axb4 axb4 24. Nce4 Nd5 25. Qf3 Bb5 26. Nb3 Bc6 27. Rc1 N5f6
28. Nxf6+ Nxf6 29. Rxc6 Rxc6 30. Qxc6 h6 31. Qc8+ Kh7 32. dxe5 Qxe5 33. Qc2+ g6
34. Nc1 d5 35. Nd3 Qd6 36. Qd2 d4 37. Qxb4 Qe6 38. Qxd4 Qxe2 39. Qxf6 Qxd3 40.
Qxf7+ Kh8 41. Bd5 Qb1+ 42. Kg2 Qe4+ 43. Bxe4 1-0

[Event "Titled Tue 1st Jul Early"]
[Site "chess.com INT"]
[Date "2025.07.01"]
[Round "7"]
[White "Germanovs, Georgijs"]
[Black "Maghsoodloo, Parham"]
[Result "0-1"]
[WhiteTitle "CM"]
[BlackTitle "GM"]
[WhiteElo "2260"]
[BlackElo "2695"]
[WhiteFideId "11609710"]
[BlackFideId "12539929"]
[EventDate "2025.07.01"]

1. e4 c5 2. Nf3 d6 3. d4 cxd4 4. c3 Nf6 5. e5 dxe5 6. Nxe5 Nbd7 7. Qxd4 e6 8.
Bg5 Be7 9. Bb5 O-O 10. Nxd7 Bxd7 11. Bxf6 Bxb5 12. Bxg7 e5 13. Bxe5 Bg5 14. f4
Re8 15. Kf2 f6 16. fxg5 Rxe5 17. Qxd8+ Rxd8 18. Re1 Rxg5 19. h4 Rg4 20. Na3 Bc6
21. g3 Rd3 22. Re3 Rxe3 23. Kxe3 Rxg3+ 24. Kd4 Rg4+ 25. Kc5 Rxh4 26. Nc4 Rh5+
27. Kd6 Kf7 28. Kc7 Rh2 29. Nd6+ Ke6 30. Re1+ Kd5 31. Rd1+ Ke5 32. b4 Rxa2 33.
b5 Bf3 34. Re1+ Kf4 35. c4 b6 36. Re6 Kg5 37. Re7 h5 38. Rg7+ Kf4 39. Kb8 h4 40.
Rh7 Kg4 41. Rg7+ Kh3 42. Rh7 Bg4 43. Rxa7 Rxa7 44. Kxa7 Kg2 45. c5 bxc5 46. Ne4
Bf3 47. Nxc5 h3 48. Nd3 h2 49. Ne1+ Kg3 50. Nxf3 Kxf3 51. b6 h1=Q 52. b7 Qa1+ 0-1

[Event "Titled Tue 1st Jul Early"]
[Site "chess.com INT"]
[Date "2025.07.01"]
[Round "7"]
[White "Agibileg, Uurtsaikh"]
[Black "Drygalov, Sergey"]
[Result "0-1"]
[WhiteTitle "IM"]
[BlackTitle "GM"]
[WhiteElo "2380"]
[BlackElo "2560"]
[WhiteFideId "4901606"]
[BlackFideId "24171743"]
[EventDate "2025.07.01"]

1. d4 Nf6 2. c4 e6 3. Nc3 Bb4 4. a3 Bxc3+ 5. bxc3 c5 6. f3 Nc6 7. e4 d6 8. Ne2
e5 9. d5 Na5 10. Bg5 b6 11. Nc1 h6 12. Bh4 g5 13. Bf2 Ba6 14. Nb3 Nxb3 15. Qxb3
Nh5 16. g3 Qd7 17. Be2 Ng7 18. a4 Rb8 19. a5 O-O 20. g4 b5 21. cxb5 Bxb5 22. c4
Ba6 23. Qc2 Rb4 24. h4 Rfb8 25. hxg5 hxg5 26. Qc1 f6 27. Be3 Kf7 28. Rh6 Qd8 29.
Kf2 Rb2 30. Bd2 Qf8 31. Bc3 R2b3 32. Rh7 Kg6 33. Rh2 Bc8 34. Qd2 Bd7 35. Rah1
Kf7 36. Rh7 Ke7 37. R1h6 Be8 38. Qc1 Bf7 39. Bd2 Rb1 40. Qa3 R8b3 41. Qa2 R1b2
42. Qa4 Be8 43. Qxe8+ Kxe8 44. Rg6 Kf7 0-1

[Event "Titled Tue 1st Jul Early"]
[Site "chess.com INT"]
[Date "2025.07.01"]
[Round "7"]
[White "Teterev, Vitaly"]
[Black "Dragnev, Valentin"]
[Result "0-1"]
[WhiteTitle "GM"]
[BlackTitle "GM"]
[WhiteElo "2248"]
[BlackElo "2547"]
[WhiteFideId "13501429"]
[BlackFideId "1634852"]
[EventDate "2025.07.01"]

1. Nf3 d5 2. g3 Nc6 3. d4 Bf5 4. Bg2 Nb4 5. Na3 e6 6. Nh4 Bg4 7. c3 Nc6 8. h3
Bh5 9. Qb3 Rb8 10. e4 dxe4 11. Bxe4 Be7 12. Qb5 Nf6 13. Bg2 O-O 14. O-O Bxa3 15.
bxa3 a6 16. Qd3 Ne5 17. Qc2 Nc4 18. g4 Bg6 19. Nxg6 hxg6 20. a4 Nd5 21. Qd3 b5
22. axb5 axb5 23. a4 c6 24. axb5 cxb5 25. Ba3 Nxa3 26. Rxa3 Qd6 27. Rb3 Rfc8 28.
Bxd5 Qxd5 29. Rfb1 Rc4 30. Rb4 Rb7 31. Qe3 Qc6 32. R1b3 Ra7 33. Rxb5 Ra1+ 34.
Rb1 Rxc3 35. Qg5 Rxh3 36. Rb8+ Kh7 37. d5 Rxb1+ 38. Rxb1 Qc2 39. Re1 Qc3 40. Rd1
Qf3 0-1

[Event "Titled Tue 1st Jul Early"]
[Site "chess.com INT"]
[Date "2025.07.01"]
[Round "7"]
[White "Baturin-Vinogradov, Miroslav"]
[Black "Cornelisse, Lorelei"]
[Result "1-0"]
[WhiteTitle "CM"]
[BlackTitle "WFM"]
[WhiteElo "2066"]
[BlackElo "2129"]
[WhiteFideId "55745741"]
[BlackFideId "1087177"]
[EventDate "2025.07.01"]

1. e4 e5 2. Nf3 Nc6 3. Bb5 f5 4. d3 fxe4 5. dxe4 Nf6 6. Nbd2 d6 7. c3 Be7 8. Qb3
a6 9. Bxc6+ bxc6 10. Ng5 d5 11. Qc2 O-O 12. O-O Rb8 13. Ndf3 Bd6 14. c4 h6 15.
c5 hxg5 16. cxd6 g4 17. Nxe5 Qxd6 18. Ng6 Nxe4 19. Nxf8 Kxf8 20. f3 gxf3 21.
Rxf3+ Kg8 22. Bf4 Qg6 23. Bxc7 Bg4 24. Re3 Rf8 25. Bg3 Qf6 26. Rae1 Bf5 27. Qa4
Qh6 28. Qxa6 Ng5 29. Qa4 Be4 30. Qb3 Qg6 31. h3 Rf5 32. Rxe4 Nxe4 33. Rxe4 Qf7
34. Qb8+ Kh7 35. Rh4+ Kg6 36. Qd6+ Rf6 37. Qe5 Rf1+ 38. Kh2 Qf6 39. Rg4+ Kf7 40.
Qxf6+ gxf6 41. a4 Ra1 42. Rb4 1-0

[Event "Titled Tue 1st Jul Early"]
[Site "chess.com INT"]
[Date "2025.07.01"]
[Round "7"]
[White "Przybylski, Bartosz"]
[Black "Gavarrete, Nahun"]
[Result "1-0"]
[WhiteTitle "CM"]
[BlackTitle "FM"]
[WhiteElo "2062"]
[BlackElo "2281"]
[WhiteFideId "21878323"]
[BlackFideId "8400709"]
[EventDate "2025.07.01"]

1. d4 d5 2. Nc3 Nf6 3. Bf4 e6 4. e3 Bd6 5. Nf3 c6 6. Bd3 Qc7 7. Bxd6 Qxd6 8. Qe2
Nbd7 9. O-O-O b6 10. e4 dxe4 11. Nxe4 Nxe4 12. Qxe4 Bb7 13. Ne5 Nf6 14. Qh4 h6
15. Rhe1 Rf8 16. Kb1 O-O-O 17. c3 Kb8 18. Bc2 Nd5 19. f4 Ne7 20. g4 Ng6 21. Bxg6
fxg6 22. Nxg6 Rf6 23. Ne5 Rxf4 24. Nc4 Qd5 25. Re5 Qd7 26. Rxe6 Rdf8 27. Ree1
Qd5 28. Ne5 Qd8 29. Qg3 Qc7 30. Ng6 Rf3 31. Qxc7+ Kxc7 32. Nxf8 Rxf8 33. Re7+
Kb8 34. Rxg7 Rf2 35. Re1 Rxh2 36. Re8+ Bc8 37. Rgg8 Rh1+ 38. Kc2 Rg1 39. Rxc8+
Kb7 40. Rcf8 h5 41. gxh5 Rh1 42. Rg7+ Ka6 43. Rff7 Rxh5 44. a4 Ka5 45. Rxa7# 1-0

[Event "Titled Tue 1st Jul Early"]
[Site "chess.com INT"]
[Date "2025.07.01"]
[Round "7"]
[White "Niemann, Hans Moke"]
[Black "Hansen, Eric"]
[Result "1-0"]
[WhiteTitle "GM"]
[BlackTitle "GM"]
[WhiteElo "2736"]
[BlackElo "2609"]
[WhiteFideId "2093596"]
[BlackFideId "2606771"]
[EventDate "2025.07.01"]

1. e4 c5 2. Nf3 e6 3. b3 d6 4. Bb2 Nf6 5. Nc3 e5 6. Bc4 Be7 7. d3 Nc6 8. h3 O-O
9. Nh2 a6 10. a4 Nd4 11. Ng4 Rb8 12. a5 Be6 13. Nxf6+ Bxf6 14. Nd5 Kh8 15. h4
Be7 16. Ne3 Qd7 17. g3 Bd8 18. Bc3 Nb5 19. Bb2 Nd4 20. Kf1 f5 21. Bxd4 cxd4 22.
Bxe6 Qxe6 23. Nxf5 g6 24. Nh6 Rc8 25. Kg2 Kg7 26. Ng4 h5 27. Nh2 Rc5 28. Nf3
Bxa5 29. Ng5 Qd7 30. Rf1 Bd8 31. Nh3 Qc8 32. Ra2 Qg4 33. f3 Qc8 34. f4 exf4 35.
Nxf4 Re8 36. Rf2 Qd7 37. Qf3 Rce5 38. Ra1 Bb6 39. Raf1 Bd8 40. Nd5 Qg4 41. Qxg4
hxg4 42. Rf7+ Kh6 43. Rxb7 a5 44. Rff7 Rh8 45. Rfd7 Re6 46. Rf7 Re5 47. Rb8 Rhe8
48. Rd7 Bxh4 49. Rxe8 Rxe8 50. gxh4 Rc8 51. Rc7 1-0

[Event "Titled Tue 1st Jul Early"]
[Site "chess.com INT"]
[Date "2025.07.01"]
[Round "7"]
[White "Le Phan Hoang Quan"]
[Black "Huseynova, Lala"]
[Result "1-0"]
[WhiteTitle "CM"]
[BlackTitle "WFM"]
[WhiteElo "1968"]
[BlackElo "2045"]
[WhiteFideId "12432881"]
[BlackFideId "13431781"]
[EventDate "2025.07.01"]

1. d4 d5 2. c4 e6 3. Nc3 Be7 4. cxd5 exd5 5. Nf3 Nf6 6. Bg5 h6 7. Bh4 O-O 8. e3
c6 9. Bd3 Ne4 10. Bxe7 Qxe7 11. Qc2 Bf5 12. O-O Nd7 13. Rfe1 Rae8 14. Rad1 Bg6
15. Nd2 f5 16. f3 Nxd2 17. Qxd2 Nf6 18. Bc2 Qd6 19. Ne2 Nd7 20. Ng3 Nb6 21. b3
Qa3 22. Bb1 h5 23. Ne2 Qe7 24. Nf4 Bh7 25. Nxh5 Qg5 26. Nf4 Nd7 27. b4 Re7 28.
b5 Nb6 29. bxc6 bxc6 30. Bd3 Rfe8 31. g3 Qf6 32. h4 g5 33. hxg5 Qxg5 34. Kf2 Rg7
35. Rg1 Qe7 36. Rde1 Qa3 37. g4 fxg4 38. Bxh7+ Rxh7 39. Rxg4+ Kh8 40. Ng6+ Kg7
41. Nh4+ Kf8 42. Qc2 Rg7 43. Rg6 1-0

[Event "Titled Tue 1st Jul Early"]
[Site "chess.com INT"]
[Date "2025.07.01"]
[Round "7"]
[White "Arenas, David"]
[Black "Alazmi, Amani"]
[Result "1-0"]
[WhiteTitle "GM"]
[BlackTitle "WCM"]
[WhiteElo "2335"]
[BlackElo "1733"]
[WhiteFideId "4403177"]
[BlackFideId "10303553"]
[EventDate "2025.07.01"]

1. e4 g6 2. d4 b6 3. Bc4 Bg7 4. c3 Bb7 5. f3 d6 6. Be3 e6 7. Ne2 Nd7 8. Nd2 Ne7
9. h4 h6 10. Bd3 c5 11. h5 g5 12. f4 gxf4 13. Nxf4 cxd4 14. cxd4 Nc6 15. Nf3
Nxd4 16. Nxd4 e5 17. Nf5 exf4 18. Nxg7+ Kf8 19. Bd4 Ne5 20. Nf5 Rg8 21. Qe2 Rc8
22. Bc3 a5 23. O-O-O Qg5 24. Kb1 Qxg2 25. Nxd6 Qxe2 26. Bxe2 Rxc3 27. Nxb7 Re3
28. Rd8+ Kg7 29. Rg1+ Rg3 30. Rxg8+ Kxg8 31. Rf1 f3 32. Bd1 Ng4 33. Rxf3 Rg1 34.
Rd3 Ne5 35. Rd8+ Kg7 36. Kc2 Nc4 37. Be2 Rg2 38. Kc3 Ne3 39. Rd2 Rg3 40. Kd4 Ng2
41. Nd6 Nf4 42. Nf5+ Kf6 43. Nxg3 Ne6+ 44. Ke3 Nc5 45. Rd6+ Ke5 46. Rxb6 Nxe4
47. Rb5+ Ke6 48. Nxe4 f5 49. Ng3 Kf6 50. Kf4 Ke6 51. Bf3 1-0

[Event "Titled Tue 1st Jul Early"]
[Site "chess.com INT"]
[Date "2025.07.01"]
[Round "7"]
[White "Mardov, Dimitar"]
[Black "Parfenov, Viktor N."]
[Result "1-0"]
[WhiteTitle "IM"]
[BlackTitle "CM"]
[WhiteElo "2506"]
[BlackElo "2193"]
[WhiteFideId "30919495"]
[BlackFideId "4165969"]
[EventDate "2025.07.01"]

1. e4 e6 2. Qe2 Be7 3. d4 d5 4. Nf3 dxe4 5. Qxe4 Nf6 6. Qh4 O-O 7. Bd3 c5 8.
dxc5 Nbd7 9. c6 Nc5 10. Be2 Nfe4 11. Qf4 Bd6 12. Qe3 f5 13. O-O bxc6 14. Rd1 Qc7
15. Nc3 a5 16. Bc4 Kh8 17. Qe2 Nxc3 18. bxc3 Ne4 19. Qe1 g5 20. Bxg5 Nxg5 21.
Nxg5 Bxh2+ 22. Kh1 Bf4 23. Nh3 Bd6 24. Qd2 Bc5 25. Qh6 Qg7 26. Qxg7+ Kxg7 27.
Re1 Kf6 28. f4 Re8 29. Ng5 h6 30. Nf3 Ba6 31. Bxa6 Rxa6 32. Rab1 Bd6 33. g3 Rg8
34. Kh2 Ra7 35. Nd4 Re7 36. Nxc6 Rc7 37. Nd4 Re8 38. Rb6 Bc5 39. Rbxe6+ Rxe6 40.
Rxe6+ Kf7 41. Re2 Ba3 42. Nxf5 Rxc3 43. Nxh6+ Kg6 44. Ng4 Bc5 45. Ne5+ Kf5 46.
Nd3 Bd4 47. Kh3 a4 48. g4+ 1-0

[Event "Titled Tue 1st Jul Early"]
[Site "chess.com INT"]
[Date "2025.07.01"]
[Round "7"]
[White "Liu, Zachary Hankun"]
[Black "Shariyazdanov, Andrey"]
[Result "1-0"]
[BlackTitle "GM"]
[WhiteElo "2067"]
[BlackElo "2505"]
[WhiteFideId "2640287"]
[BlackFideId "4122747"]
[EventDate "2025.07.01"]

1. Nf3 c5 2. c4 Nc6 3. g3 g6 4. Bg2 Bg7 5. O-O e6 6. Nc3 Nge7 7. d4 cxd4 8. Nb5
d5 9. cxd5 exd5 10. Nbxd4 O-O 11. a3 Bg4 12. Be3 Qd7 13. Rc1 Bh3 14. Nxc6 bxc6
15. Bd4 Bxg2 16. Kxg2 f6 17. Qc2 Rfe8 18. Rfe1 Rac8 19. e4 dxe4 20. Qxe4 Nf5 21.
Qd3 Rxe1 22. Rxe1 Qd5 23. Qe4 Nxd4 24. Qxd4 Qxd4 25. Nxd4 f5 26. Nb3 Bxb2 27.
Rb1 Bxa3 28. Ra1 Bf8 29. Rxa7 c5 30. Na1 c4 31. Nc2 c3 32. Ra6 Bg7 33. Kf3 Rd8
34. Rc6 g5 35. h3 Rd2 36. Ne3 f4 37. gxf4 gxf4 38. Kxf4 Rxf2+ 39. Ke4 Re2 40.
Kf3 Rh2 41. Nf5 Be5 42. Ke4 Re2+ 43. Kf3 Re1 44. Nh6+ Kf8 45. Nf5 Ke8 46. Rc8+
Kd7 47. Rc4 Ke6 48. Ne3 Rh1 49. Kg2 Re1 50. Kf3 h5 51. Re4 Kf6 52. Nd5+ Kf5 53.
Rxe1 1-0

[Event "Titled Tue 1st Jul Early"]
[Site "chess.com INT"]
[Date "2025.07.01"]
[Round "7"]
[White "Goryachkina, Aleksandra"]
[Black "Bukreev, Stanislav"]
[Result "0-1"]
[WhiteTitle "GM"]
[BlackTitle "FM"]
[WhiteElo "2533"]
[BlackElo "2305"]
[WhiteFideId "4147103"]
[BlackFideId "34252347"]
[EventDate "2025.07.01"]

1. e4 e6 2. d4 d5 3. Nc3 Nf6 4. e5 Nfd7 5. f4 c5 6. Nf3 Nc6 7. Be3 a6 8. Qd2 b5
9. Qf2 Qa5 10. Be2 b4 11. Nd1 Qb6 12. O-O a5 13. c3 g6 14. c4 dxc4 15. Bxc4 cxd4
16. Nxd4 Nxd4 17. Bxd4 Bc5 18. Bxc5 Qxc5 19. Qxc5 Nxc5 20. Rc1 Bd7 21. Ne3 Ke7
22. Rfd1 Rhd8 23. Be2 Rac8 24. Nc4 Na4 25. Nd6 Rxc1 26. Rxc1 Nxb2 27. Rc7 Na4
28. Bb5 Nc3 29. Bc6 Nxa2 30. Nb7 Rc8 31. Rxd7+ Kf8 32. Ba4 Rc1+ 33. Kf2 Nc3 34.
Rd8+ Kg7 35. Bb3 a4 36. Bxa4 Nxa4 37. Nd6 b3 38. g4 Rc2+ 39. Kg3 Rc3+ 40. Kg2 f5
41. Ne8+ Kf7 42. Nf6 Rc7 0-1

[Event "Titled Tue 1st Jul Early"]
[Site "chess.com INT"]
[Date "2025.07.01"]
[Round "7"]
[White "Subramanian, Anusha"]
[Black "Vedant Rupeshbhai Varasada"]
[Result "0-1"]
[WhiteTitle "WFM"]
[BlackTitle "CM"]
[WhiteElo "2045"]
[BlackElo "2044"]
[WhiteFideId "477710"]
[BlackFideId "25156527"]
[EventDate "2025.07.01"]

1. c4 e5 2. Nc3 Nc6 3. Nf3 Bc5 4. e3 a6 5. Nxe5 Nxe5 6. d4 Bxd4 7. exd4 Ng6 8.
Be3 Nf6 9. h3 O-O 10. Bd3 d5 11. O-O Be6 12. b3 Rc8 13. Rc1 b6 14. cxd5 Nxd5 15.
Bxa6 Ra8 16. Bb7 Nxc3 17. Rxc3 Rxa2 18. Qb1 Ra7 19. Be4 Bd5 20. Rfc1 Ne7 21. Bf4
Bxe4 22. Qxe4 Nd5 23. Rg3 Re8 24. Qf5 Ra5 25. Qg4 g6 26. Bg5 Qd6 27. h4 h5 28.
Qf3 Rea8 29. Bd2 Ra1 30. Rxa1 Rxa1+ 31. Kh2 Nf6 32. Bf4 Qxd4 33. Qc3 Ng4+ 34.
Rxg4 Qxc3 35. Rg5 Qe1 36. Bxc7 Qg1+ 37. Kg3 Ra3 38. Rb5 Ra2 39. Bxb6 Rc2 40. Be3
Rc3 41. Rb8+ Kh7 42. b4 Rxe3+ 43. fxe3 Qxe3+ 44. Kh2 Qf4+ 45. g3 Qxb8 46. Kg2
Qxb4 47. Kh2 Kg7 48. Kh3 Kf6 49. Kg2 Kf5 50. Kf2 Kg4 51. Kg2 Qd2+ 52. Kf1 Kxg3
53. Kg1 Qd1# 0-1